<?xml version="1.0" encoding="UTF-8"?>
<marc:record xmlns:marc="http://www.loc.gov/MARC21/slim">
   <marc:leader>00000nam a2200000 a 4500</marc:leader>
   <marc:datafield ind1="1" ind2=" " tag="100">
      <marc:subfield code="a">Bach, Tamara</marc:subfield>
      <marc:subfield code="4">aut</marc:subfield>
      <marc:subfield code="e">Verfasser/-in</marc:subfield>
   </marc:datafield>
   <marc:datafield ind1=" " ind2=" " tag="653">
      <marc:subfield code="a">Freundschaft</marc:subfield>
   </marc:datafield>
   <marc:datafield ind1=" " ind2=" " tag="653">
      <marc:subfield code="a">Mut</marc:subfield>
   </marc:datafield>
   <marc:datafield ind1=" " ind2=" " tag="653">
      <marc:subfield code="a">Referat</marc:subfield>
   </marc:datafield>
   <marc:datafield ind1="0" ind2="0" tag="245">
      <marc:subfield code="a">Jakob und Jelena</marc:subfield>
   </marc:datafield>
   <marc:datafield ind1=" " ind2="1" tag="264">
      <marc:subfield code="b">Carlsen</marc:subfield>
      <marc:subfield code="c">2025</marc:subfield>
   </marc:datafield>
   <marc:datafield ind1="1" ind2=" " tag="520">
      <marc:subfield code="a">Neue Schule - neue Freunde?  Jelena hat echt keine Ahnung, was sie und Jakob gemeinsam haben. Sie kennen sich doch gar nicht! Was sollen sie dann nur bei ihrem Referat erzählen? Bei ihrer besten Freundin Lotte würde ihr sofort ganz viel einfallen, aber die geht ja jetzt auf eine andere Schule.  Wenn Jakob einfach ein paar Bücher lesen könnte, wär das mit dem Referat kein Problem. Aber es geht ja leider nicht um Dinos oder so. Sie sollen sich in der neuen Klasse halt besser kennenlernen. Und er eben Jelena. Also setzt er sich in der nächsten Stunde einfach neben sie.  Was für ein Glück, dass Sich-Kennenlernen doch gar nicht so schwer ist.  Ein warmherziges Kinderbuch über Schulwechsel, neue Freundschaften und unliebsame Spitznamen. Feinfühlig aus zwei Perspektiven erzählt.  __Mit farbigen Illustrationen von Barbara Yelin!__[Verlagstext]</marc:subfield>
   </marc:datafield>
   <marc:datafield ind1=" " ind2=" " tag="020">
      <marc:subfield code="a">9783551557575</marc:subfield>
      <marc:subfield code="9">9783551557575</marc:subfield>
   </marc:datafield>
</marc:record>
